Statistics for Wettest Cities in Europe

Click here to take the quiz!

General Stats

  • This quiz has been taken 733 times
  • The average score is 8 of 16

Answer Stats

#RainfallAnswer% Correct
10850.3Amsterdam
83%
11837.2Brussels
79%
11262.8Glasgow
79%
13828.8Manchester
76%
14824.3Liverpool
69%
9882Rotterdam
62%
16809.3Birmingham
60%
6944Milan
51%
31108Zurich
48%
15820.8Lyon
42%
5981Turin
37%
41008.2Naples
31%
8924.9Bordeaux
27%
12831.6Sheffield
27%
21237Porto
26%
7934.1The Ruhr
8%

Score Distribution

Percentile by Number Answered

Percent of People with Each Score

Your Score History

You have not taken this quiz